[Event "Smith & Williamson YM-B 8th"]
[Site "Witley"]
[Date "1998.07.24"]
[Round "10"]
[White "Roberts, Mark"]
[Black "Churm, Rohan"]
[Result "1/2-1/2"]
[WhiteElo "1976"]
[BlackElo "2115"]
[PlyCount "48"]
[EventDate "1998.07.20"]
[EventType "swiss"]
[EventRounds "11"]
[EventCountry "ENG"]
[SourceTitle "EXT 1999"]
[Source "ChessBase"]
[SourceDate "1998.11.16"]
[SourceVersion "1"]
[SourceVersionDate "1998.11.16"]
[SourceQuality "1"]

1. d4 d5 2. c4 c6 3. cxd5 cxd5 4. Nc3 Nc6 5. Bf4 Nf6 6. e3 e6 7. Nf3 Be7 8. Bd3 Bd7 9. a3 a6 10. 0-0 Nh5 11. Be5 f6 12. Nh4 g6 13. Bg3 Nxg3 14. hxg3 f5 15. Nf3 0-0 16. Qe2 g5 17. Nd2 g4 18. f3 h5 19. b4 Bd6 20. f4 Qf6 21. Nb3 Kg7 22. Kf2 h4 23. Rh1 Rh8 24. gxh4 Rxh4 1/2-1/2

[Event "Smith & Williamson YM-B 8th"]
[Site "Witley"]
[Date "1998.07.23"]
[Round "7"]
[White "Roberts, Mark"]
[Black "Jones, Stephen"]
[Result "1-0"]
[WhiteElo "1976"]
[BlackElo "2040"]
[PlyCount "81"]
[EventDate "1998.07.20"]
[EventType "swiss"]
[EventRounds "11"]
[EventCountry "ENG"]
[SourceTitle "EXT 1999"]
[Source "ChessBase"]
[SourceDate "1998.11.16"]
[SourceVersion "1"]
[SourceVersionDate "1998.11.16"]
[SourceQuality "1"]

1. d4 Nf6 2. c4 g6 3. Nc3 Bg7 4. e4 d6 5. f3 0-0 6. Be3 e5 7. d5 Nh5 8. Qd2 f5 9. 0-0-0 a6 10. Bd3 b5 11. Kb1 Nf4 12. exf5 Nxd3 13. Qxd3 Bxf5 14. Ne4 bxc4 15. Qxc4 Nd7 16. g4 Nb6 17. Qe2 Bc8 18. h4 Bb7 19. Ng5 Nxd5 20. Ne6 Qd7 21. Nxf8 Rxf8 22. h5 Bc6 23. Qc4 Qf7 24. Qxc6 Nxe3 25. Rc1 e4 26. fxe4 Qf2 27. Qb7 d5 28. Nh3 Qg2 29. Ng5 Nc4 30. hxg6 h6 31. Rhe1 Nb6 32. Rc2 Qg3 33. Rec1 Qe5 34. Nf7 Qxe4 35. Qxc7 Nc4 36. Nxh6+ Kh8 37. Nf5 Rxf5 38. gxf5 Qe8 39. Rh1+ Kg8 40. Rxc4 dxc4 41. Qxc4+ 1-0

[Event "Smith & Williamson YM-B 8th"]
[Site "Witley"]
[Date "1998.07.22"]
[Round "6"]
[White "Cave, Matthew"]
[Black "Roberts, Mark"]
[Result "0-1"]
[WhiteElo "2030"]
[BlackElo "1976"]
[PlyCount "72"]
[EventDate "1998.07.20"]
[EventType "swiss"]
[EventRounds "11"]
[EventCountry "ENG"]
[SourceTitle "EXT 1999"]
[Source "ChessBase"]
[SourceDate "1998.11.16"]
[SourceVersion "1"]
[SourceVersionDate "1998.11.16"]
[SourceQuality "1"]

1. e4 c5 2. Ne2 d6 3. Nbc3 Nf6 4. d4 cxd4 5. Nxd4 g6 6. Be3 Bg7 7. f3 Nc6 8. Qd2 0-0 9. Bc4 Bd7 10. 0-0-0 Qa5 11. Bb3 Rfc8 12. Kb1 Ne5 13. Rhe1 Nc4 14. Bxc4 Rxc4 15. Nd5 Qd8 16. Nb3 Nxd5 17. Qxd5 Qc7 18. c3 a5 19. Bb6 Qc8 20. Nc5 Be6 21. Nxe6 fxe6 22. Qb5 a4 23. Bd4 a3 24. Bxg7 Kxg7 25. Re2 Qc7 26. Rc1 Ra5 27. Qb3 Qc6 28. Ka1 b5 29. bxa3 Qc5 30. Rb2 Kf7 31. Kb1 Rca4 32. Qc2 Rxa3 33. c4 b4 34. Rb3 R3a4 35. Rb2 Qa7 36. Qd2 Ra3 0-1